|
|
|
|
| LEADER |
01784nam a2200481 4500 |
| 001 |
ocn843115560 |
| 003 |
OCoLC |
| 005 |
20170124071326.4 |
| 006 |
m o d |
| 007 |
cr cnu|||unuuu |
| 008 |
130515s2012 iau of 000 0 eng d |
| 040 |
|
|
|a DG1
|b eng
|e rda
|c DG1
|d CUS
|d CUI
|d NOC
|d OCLCO
|d OCLCF
|d OCLCO
|d OCLCQ
|d YDXCP
|d OCL
|d GrThAP
|
| 019 |
|
|
|a 902649231
|
| 020 |
|
|
|a 9781118703816
|q (electronic bk.)
|
| 020 |
|
|
|a 1118703812
|q (electronic bk.)
|
| 020 |
|
|
|z 9781118690529
|q (print)
|
| 020 |
|
|
|z 1118690524
|
| 029 |
1 |
|
|a AU@
|b 000051629101
|
| 029 |
1 |
|
|a NZ1
|b 15340568
|
| 029 |
1 |
|
|a GBVCP
|b 790207486
|
| 029 |
1 |
|
|a DEBBG
|b BV043395857
|
| 035 |
|
|
|a (OCoLC)843115560
|z (OCoLC)902649231
|
| 050 |
|
4 |
|a GT3040
|b .M46 2012
|
| 082 |
0 |
4 |
|a 361.7/65
|2 23
|
| 049 |
|
|
|a MAIN
|
| 245 |
0 |
0 |
|a Memorial and in-tribute gifts :
|b 51 ideas for increasing memorial & in-tribute gift support.
|
| 264 |
|
1 |
|a Sioux City, Iowa :
|b Stevenson, Inc.,
|c [2012]
|
| 300 |
|
|
|a 1 online resource (41 pages)
|
| 336 |
|
|
|a text
|b txt
|2 rdacontent
|
| 337 |
|
|
|a computer
|b c
|2 rdamedia
|
| 338 |
|
|
|a online resource
|b cr
|2 rdacarrier
|
| 500 |
|
|
|a "Edited by Scott C. Stevenson"--Running title area.
|
| 588 |
0 |
|
|a Online resource; title from PDF title page (Wiley, viewed on May 15, 2013).
|
| 650 |
|
0 |
|a Gifts
|v Handbooks, manuals, etc.
|
| 650 |
|
0 |
|a Fund raising
|v Handbooks, manuals, etc.
|
| 650 |
|
7 |
|a Fund raising.
|2 fast
|0 (OCoLC)fst00936143
|
| 650 |
|
7 |
|a Gifts.
|2 fast
|0 (OCoLC)fst00942628
|
| 655 |
|
4 |
|a Electronic books.
|
| 655 |
|
7 |
|a Handbooks and manuals.
|2 fast
|0 (OCoLC)fst01423877
|
| 700 |
1 |
|
|a Stevenson, Scott C.,
|e editor.
|
| 776 |
0 |
8 |
|c Original
|z 9781118690529
|z 1118690524
|w (OCoLC)858655299
|
| 856 |
4 |
0 |
|u https://doi.org/10.1002/9781118703816
|z Full Text via HEAL-Link
|
| 994 |
|
|
|a 92
|b DG1
|